| 000 | 00488nam a2200169Ia 4500 | ||
|---|---|---|---|
| 003 | OSt | ||
| 005 | 20201222100430.0 | ||
| 008 | 190216s9999||||xx |||||||||||||| ||und|| | ||
| 040 | _coclc | ||
| 082 |
_a610.3 _bFIS/M |
||
| 100 |
_aFishbein _97741 |
||
| 245 | 0 |
_aMedical And Health Encyclopedia / _cFishbein |
|
| 260 |
_bH S Stuttman Inc Publishers, _c1983. _aWestport: |
||
| 300 | _a384p | ||
| 650 | _aEncyclopaedia | ||
| 942 |
_cREF _2ddc _h610.3 _iFIS/M _k610.3 _mFIS/M |
||
| 999 |
_c35803 _d35803 |
||